=LDR 00000nam 2200000 4500 =001 INLIS000000000012059 =005 20130612103614 =008 ***********************************Ind** =035 ##$$0010-061300000012059 =041 ##$$a Ind =082 ##$$a 547-734 2 =090 ##$$a 547.734 2, Ris h =100 ##$$a Rismunandar =245 ##$$a Hormon Tanaman dan ternak, Rismunandar =260 ##$$a 1994 $b Jakarta =300 ##$$a 58 hlm., ilus, 21 cm =650 ##$$a Hormon (Tanaman - ternak) =850 ##$$a NBPNMAT